00571nam a22001817a 450000500170000001000150001702000260003203500140005803700130007208200160008510000140010124500680011525000060018326000610018927000800025030000260033070000330035620240201112047.0 aENG-139056 a9789355321770c850.00 aEN-122588 bDBAD/PUB a621.381525 aJain. R P aModern Digital Electronics/cBy R P Jain and Kishor Sarawadekar a2 bMcGraw Hill Education India Pvt Limited c2019aChennai  a444/1, Sri Ekambara Naicker Industrial Estate, Alapakkam bChennai e600116 avpp.c24c(pbk)bill.  aSarawadekar, Kishor dAuthor